Η διγλωσσία στην παιδική ηλικία : μια ψυχογλωσσολογική προσέγγιση
Αποθηκεύτηκε σε:
| Κύριος συγγραφέας: | |
|---|---|
| Μορφή: | Βιβλίο |
| Γλώσσα: | Greek |
| Δημοσίευση: |
Αθήνα :
Gutenberg,
2000.
|
| Σειρά: | Διαπολιτισμική παιδαγωγική ;
6 |
| Θέματα: | |
| Ετικέτες: |
Προσθήκη ετικέτας
Δεν υπάρχουν, Καταχωρήστε ετικέτα πρώτοι!
|
MARC
| LEADER | 00000cam a2200000 i 4500 | ||
|---|---|---|---|
| 001 | 1/39760 | ||
| 008 | 140108s2000 gr | ||| |||| ||gre|| | ||
| 020 | |a 9600108412 | ||
| 035 | |l 10116263 | ||
| 040 | |a GR-MY-UA |b gre |e aacr | ||
| 041 | 0 | |a gre | |
| 082 | 7 | |a 404.2 |2 (22) | |
| 100 | 1 | |a Τριάρχη-Herrmann, Βασιλεία. | |
| 245 | 1 | 2 | |a Η διγλωσσία στην παιδική ηλικία : |b μια ψυχογλωσσολογική προσέγγιση / |c Βασιλεία Τριάρχη-Herrmann. |
| 260 | |a Αθήνα : |b Gutenberg, |c 2000. | ||
| 300 | |a 236 σ. ; |c 24 εκ. | ||
| 490 | 1 | |a (Διαπολιτισμική παιδαγωγική / Gutenberg ; |v 6) | |
| 504 | |a Βιβλιογραφία: σ. 209-227 | ||
| 650 | 0 | 0 | |a Bilingualism. |
| 650 | 0 | 0 | |a Bilingualism in children. |
| 650 | 0 | 0 | |a Language acquisition. |
| 650 | 0 | 0 | |a Child development. |
| 830 | 0 | |a Διαπολιτισμική παιδαγωγική ; |v 6 | |
| 852 | |a INST |b RHODES |c EUDOXUS |e 20140108 |h 404.2 ΤΡΙ |p 005400035979 |q 005400035979 |t EDX |y 0 | ||
| 852 | |a INST |b RHODES |c EUDOXUS |e 20170112 |h 404.2 ΤΡΙ |p 005400038988 |q 005400038988 |t EDX |y 0 | ||
| 852 | |a INST |b RHODES |c EUDOXUS |e 20221223 |h 404.2 ΤΡΙ |p 005400043212 |q 005400043212 |t EDX |y 0 | ||
| 901 | |a BIBL4-2013-3 | ||
| 909 | |a Ρ |b 182491 | ||
| 920 | |a Εύδοξος |b Παραγγελία |y Ρόδος-ΤΜΣ |z 2017-01 | ||
| 920 | |a Εύδοξος |b Παραγγελία |y Ρόδος-ΤΜΣ |z 2013-12 | ||
| 920 | |a Εύδοξος |b Παραγγελία |y Ρόδος-ΤΜΣ |z 2022-12 | ||
| 922 | |a 4ΕΛΗ | ||
| 970 | |z 2014/01/08 | ||